C++ : (Record no. 38805)

MARC details
000 -LEADER
fixed length control field 00837nam a22002297a 4500
005 - DATE AND TIME OF LATEST TRANSACTION
control field 2010080201401.0
010 ## - LCCN (DPL NO)
LC control number ENG-97804
020 ## - INTERNATIONAL STANDARD BOOK NUMBER
International Standard Book Number 9789380449074
Terms of availability 125.00
035 ## - SYSTEM CONTROL NUMBER
System control number EN-81337
037 ## - SOURCE OF ACQUISITION
Source of stock number/acquisition DBAD/PUB
082 ## - DEWEY DECIMAL CLASSIFICATION NUMBER
Classification number 005.13
100 ## - MAIN ENTRY--PERSONAL NAME
Personal name Padmanabhan, K.
245 ## - TITLE STATEMENT
Title C++ :
Remainder of title an object oriented language /
Statement of responsibility, etc by K. Padmanabhan
260 ## - PUBLICATION, DISTRIBUTION, ETC. (IMPRINT)
Place of publication, distribution, etc Tiruchirappalli
Name of publisher, distributor, etc TISSL Publications
Date of publication, distribution, etc 2009
270 ## - ADDRESS
Address 123 A, Jai Nagar, Thiruvarambur
City Tiruchirappalli
Postal code 620013
300 ## - PHYSICAL DESCRIPTION
Extent ii,130p.:
Other physical details ill.
Dimensions 25cm (pbk)
500 ## - GENERAL NOTE
General note includes index
650 ## - SUBJECT ADDED ENTRY--TOPICAL TERM
Topical term or geographic name as entry element Computer Program Language
650 ## - SUBJECT ADDED ENTRY--TOPICAL TERM
Topical term or geographic name as entry element Object oriented programming
942 ## - ADDED ENTRY ELEMENTS (KOHA)
Source of classification or shelving scheme Dewey Decimal Classification
Item type English Books
Classification part 005.13
Call number suffix PAD
Holdings
Withdrawn status Lost status Not for loan Collection code Home library Current library Date acquired Source of acquisition Cost, normal purchase price Full call number Barcode Copy number Cost, replacement price Koha item type
    Not For Loan Non-fiction D.B.Act.Division D.B.Act.Division 02/08/2010 DBAD/PUB 125.00 005.13 PAD EN-81337 1 125.00 English Books

© Delhi Public Library
Hit Counter
free hit counter